Sleep No More and the discourses of Shakespeare performance /

This Element focuses on Sleep No More, the iconic immersive theatre production of Macbeth produced by the British company Punchdrunk. Sleep No More and the Discourses of Shakespeare Performance frames this Shakespeare adaptation as part of a system of ghostly citationality through which audiences un...

Full description

Bibliographic Details
Main Author: Hopkins, D. J. (Author)
Format: Book
Language:English
Published: Cambridge, United Kingdom ; New York, NY, USA : Cambridge University Press, 2024.
Series:Cambridge elements. Elements in Shakespeare performance.
Subjects:

MARC

Tag First Indicator Second Indicator Subfields
LEADER 00000cam a2200000 i 4500
001 in00004792193
003 OCoLC
005 20240427150746.3
008 231202s2024 enka b 000 0 eng d
024 8 |a 40032276366 
040 |a YDX  |b eng  |e rda  |c YDX  |d OCLCO  |d KLG  |d OCLCQ 
020 |a 1009436899  |q (pbk.) 
020 |a 9781009436892  |q (pbk.) 
035 |a (OCoLC)1411219073 
050 4 |a PR3106  |b .H67 2024 
082 0 4 |a 792.920941  |q OCoLC  |2 23/eng/20240417 
100 1 |a Hopkins, D. J.,  |e author. 
245 1 0 |a Sleep No More and the discourses of Shakespeare performance /  |c D.J. Hopkins. 
264 1 |a Cambridge, United Kingdom ;  |a New York, NY, USA :  |b Cambridge University Press,  |c 2024. 
300 |a 98 pages :  |b illustrations (black and white) ;  |c 18 cm. 
336 |a text  |b txt  |2 rdacontent 
337 |a unmediated  |b n  |2 rdamedia 
338 |a volume  |b nc  |2 rdacarrier 
490 1 |a Elements in Shakespeare performance 
504 |a Includes bibliographical references. 
520 |a This Element focuses on Sleep No More, the iconic immersive theatre production of Macbeth produced by the British company Punchdrunk. Sleep No More and the Discourses of Shakespeare Performance frames this Shakespeare adaptation as part of a system of ghostly citationality through which audiences understand the significance of the past in performance today. Moreover, despite its seemingly analog format, Sleep No More is discussed as a valuable site for media research. And the concept of 'uncanny spectatorship' is introduced to describe audience practice in Sleep No More and other performance contexts. Ultimately, this Element offers readers the opportunity to explore a set of concepts that are significant to the study of Shakespeare in performance and to consider the ways in which audiences interact with bodies, spaces, text, and media in Sleep No More and other immersive experiences. 
600 1 0 |a Shakespeare, William,  |d 1564-1616  |x Dramatic production. 
600 1 0 |a Shakespeare, William,  |d 1564-1616.  |t Macbeth. 
610 2 0 |a Punchdrunk Theatrical Experiences. 
830 0 |a Cambridge elements.  |p Elements in Shakespeare performance. 
945 |b 87639 
947 |a A14852491324 
980 |b print  |c 40032276366  |f NONFIC/B  |g 565714  |k USD  |m 17.60  |q 1  |s AcqMono Conventional  |t Approval plan  |u Vendor order reference number  |v ZYBP  |y Print approval  |z Physical resource 
999 f f |i 9f05a245-8c67-4e7c-8853-b4a4d3a23bfc  |s e93733fa-1054-430a-8ac7-d4d29dd8aeb1  |t 0 
952 f f |p normal  |a Texas A&M University  |b College Station  |c Sterling C. Evans Library  |s Evans stk  |d Evans: Library Stacks  |t 0  |e PR3106 .H67 2024  |h Library of Congress classification  |i unmediated -- volume  |m A14852491324